| 000 | 00498nam a22001817a 4500 | ||
|---|---|---|---|
| 003 | BDDh-ASL | ||
| 005 | 20231015031021.0 | ||
| 008 | 220921s1897 ii ||||| |||| 00| 0 urd d | ||
| 040 |
_aBDDh-ASL _cBDDh-ASL |
||
| 041 | _aurd | ||
| 082 |
_a297 _bFUY |
||
| 245 | 1 | 0 | _aFuyuz-e Hidayat : / فیوض ہدایۃ |
| 260 |
_aLucknow : _bEjaz-e Mohammadi Press , _c1897/1319H. |
||
| 300 |
_a32 p. : _c21 cm. |
||
| 650 | 0 |
_91652 _aIslam |
|
| 700 | 1 |
_96584 _aRasul, Mohammad Hidayatur |
|
| 942 |
_2ddc _cBK |
||
| 999 |
_c29298 _d29298 |
||